[Event "Lvov"]
[Site "Lvov"]
[Date "2003.08.11"]
[Round "3"]
[White "Bondarets, Vadim"]
[Black "Blot, Jerome"]
[Result "0-1"]
[WhiteElo "2388"]
[BlackElo "2283"]
[PlyCount "118"]
[EventDate "2003.08.09"]
[EventType "tourn"]
[EventRounds "11"]
[EventCountry "UKR"]
[EventCategory "2"]
[SourceTitle "CBM 095 Extra"]
[Source "ChessBase"]
[SourceDate "2003.09.04"]
[SourceVersion "1"]
[SourceVersionDate "2003.09.04"]
[SourceQuality "1"]

1. Nf3 Nf6 2. c4 g6 3. Nc3 Bg7 4. g3 c6 5. e4 d5 6. cxd5 cxd5 7. e5 Ne4 8. Bg2 Nc6 9. d4 0-0 10. 0-0 Nxc3 11. bxc3 Na5 12. Nd2 Be6 13. Nb3 Rc8 14. Bd2 Nc4 15. Nc5 Rxc5 16. dxc5 Bxe5 17. Bh6 Re8 18. Rb1 Qc7 19. Qa4 Ra8 20. Rfd1 Qxc5 21. Rxb7 Bxc3 22. Rb5 Nb6 23. Rxc5 Nxa4 24. Rc7 Ba5 25. Rxe7 Nc3 26. Rd3 Ne4 27. Bxe4 dxe4 28. Rd4 Bf5 29. Kg2 Bb6 30. Rd2 Bc5 31. Rc7 Bb6 32. Rc4 Re8 33. h3 e3 34. Bxe3 Bxe3 35. fxe3 Rxe3 36. Ra4 Be4+ 37. Kh2 h5 38. h4 Re1 39. g4 hxg4 40. Kg3 Bf5 41. Rxa7 Rh1 42. Rh2 Rg1+ 43. Rg2 Rf1 44. Rf2 Rh1 45. Rh2 Rg1+ 46. Kf2 Rc1 47. Ke3 Rc3+ 48. Kf4 Kg7 49. h5 Rf3+ 50. Kg5 gxh5 51. Kxh5 Rh3+ 52. Kg5 Rxh2 53. Kxf5 g3 54. Ra3 Rf2+ 55. Ke5 f6+ 56. Ke6 Re2+ 57. Kf5 Re5+ 58. Kf4 g2 59. Rg3+ Rg5 0-1

[Event "FRA-chT2W 0203"]
[Site "France"]
[Date "2003.04.05"]
[Round "10"]
[White "Capit, Francois"]
[Black "Blot, Jerome"]
[Result "0-1"]
[WhiteElo "2218"]
[BlackElo "2298"]
[PlyCount "58"]
[EventDate "2002.10.??"]
[EventType "team"]
[EventRounds "11"]
[EventCountry "FRA"]
[SourceTitle "EXT 2004"]
[Source "ChessBase"]
[SourceDate "2003.11.25"]
[SourceVersion "1"]
[SourceVersionDate "2003.11.25"]
[SourceQuality "1"]
[WhiteTeam "Le Chesnay"]
[BlackTeam "Le Mans"]
[WhiteTeamCountry "FRA"]
[BlackTeamCountry "FRA"]

1. d4 Nf6 2. c4 g6 3. Nc3 Bg7 4. e4 d6 5. f4 0-0 6. Nf3 c5 7. d5 e6 8. Be2 exd5 9. cxd5 Bg4 10. e5 dxe5 11. fxe5 Bxf3 12. Bxf3 Nfd7 13. e6 Ne5 14. 0-0 fxe6 15. Be4 Rxf1+ 16. Qxf1 Kh8 17. dxe6 Nbc6 18. Be3 Ng4 19. Rd1 Qh4 20. Bf4 Rf8 21. Nd5 g5 22. h3 gxf4 23. hxg4 Qxg4 24. e7 Nxe7 25. Nxe7 Qe6 26. Qf3 Qxe7 27. b3 b6 28. Kf1 Bd4 29. Re1 Be3 0-1

[Event "FRA-chT2W 0203"]
[Site "France"]
[Date "2003.01.18"]
[Round "5"]
[White "Blot, Jerome"]
[Black "Larand, Manuel"]
[Result "1/2-1/2"]
[WhiteElo "2298"]
[BlackElo "2065"]
[PlyCount "48"]
[EventDate "2002.10.??"]
[EventType "team"]
[EventRounds "11"]
[EventCountry "FRA"]
[SourceTitle "EXT 2004"]
[Source "ChessBase"]
[SourceDate "2003.11.25"]
[SourceVersion "1"]
[SourceVersionDate "2003.11.25"]
[SourceQuality "1"]
[WhiteTeam "Le Mans"]
[BlackTeam "Poitiers Buxerolles"]
[WhiteTeamCountry "FRA"]
[BlackTeamCountry "FRA"]

1. d4 Nf6 2. c4 c5 3. d5 b5 4. cxb5 a6 5. bxa6 Bxa6 6. Nc3 g6 7. e4 Bxf1 8. Kxf1 d6 9. Nf3 Bg7 10. g3 0-0 11. Kg2 Nbd7 12. Re1 Ra6 13. h3 Qa8 14. Bg5 h6 15. Bd2 e6 16. dxe6 fxe6 17. Qc2 g5 18. a4 d5 19. Ra3 d4 20. Nb5 Qb7 21. b4 Rc8 22. bxc5 Nxc5 23. Nbxd4 Nfxe4 24. Be3 Nxa4 1/2-1/2

[Event "Le Mans 3rd"]
[Site "Le Mans"]
[Date "2003.??.??"]
[Round "8"]
[White "Blot, Jerome"]
[Black "Crouan, Stephane"]
[Result "1-0"]
[WhiteElo "2298"]
[BlackElo "2275"]
[PlyCount "67"]
[EventDate "2003.02.23"]
[EventType "tourn"]
[EventRounds "9"]
[EventCountry "FRA"]
[EventCategory "3"]
[SourceTitle "EXT 2004"]
[Source "ChessBase"]
[SourceDate "2003.11.25"]
[SourceVersion "1"]
[SourceVersionDate "2003.11.25"]
[SourceQuality "1"]

1. d4 d5 2. Nf3 Nf6 3. c4 c6 4. e3 a6 5. Bd3 Bg4 6. Nbd2 e6 7. 0-0 Nbd7 8. Re1 Be7 9. Qc2 c5 10. b3 cxd4 11. exd4 Rc8 12. Bb2 Bh5 13. Ng5 h6 14. Nxe6 fxe6 15. Bg6+ Bxg6 16. Qxg6+ Kf8 17. Rxe6 Kg8 18. Qf5 Nf8 19. Rxe7 Qxe7 20. Qxc8 Qe2 21. Bc3 Qd3 22. Rc1 Kh7 23. cxd5 Ng6 24. Qc4 Qxc4 25. bxc4 Nf4 26. Kf1 Rc8 27. d6 b5 28. c5 Nd3 29. Rb1 Nd5 30. Ba5 Rf8 31. Nf3 b4 32. d7 Nc3 33. Rxb4 Nxb4 34. Bxb4 1-0

[Event "Le Mans 3rd"]
[Site "Le Mans"]
[Date "2003.??.??"]
[Round "3"]
[White "Kazakov, Mikhail"]
[Black "Blot, Jerome"]
[Result "1/2-1/2"]
[WhiteElo "2451"]
[BlackElo "2298"]
[PlyCount "53"]
[EventDate "2003.02.23"]
[EventType "tourn"]
[EventRounds "9"]
[EventCountry "FRA"]
[EventCategory "3"]
[SourceTitle "EXT 2004"]
[Source "ChessBase"]
[SourceDate "2003.11.25"]
[SourceVersion "1"]
[SourceVersionDate "2003.11.25"]
[SourceQuality "1"]

1. e4 e6 2. d4 d5 3. Nd2 c5 4. exd5 exd5 5. Bb5+ Nc6 6. Ngf3 Bd6 7. 0-0 Nge7 8. c4 0-0 9. dxc5 Bxc5 10. Nb3 Bb6 11. c5 Bc7 12. Bg5 f6 13. Bh4 Bg4 14. Bg3 Be5 15. Rb1 a5 16. Be2 Bf5 17. Nxe5 fxe5 18. Rc1 a4 19. Nd2 Ng6 20. Nf3 Be4 21. Qd2 Bxf3 22. Bxf3 Rxf3 23. gxf3 Nd4 24. Rc3 Qf6 25. Kh1 Rd8 26. Rd3 Nxf3 27. Qd1 1/2-1/2

[Event "FRA-chT2W 0203"]
[Site "France"]
[Date "2002.11.17"]
[Round "3"]
[White "Kogan, Artur"]
[Black "Blot, Jerome"]
[Result "1-0"]
[WhiteElo "2529"]
[BlackElo "2298"]
[PlyCount "86"]
[EventDate "2002.10.??"]
[EventType "team"]
[EventRounds "11"]
[EventCountry "FRA"]
[SourceTitle "EXT 2004"]
[Source "ChessBase"]
[SourceDate "2003.11.25"]
[SourceVersion "1"]
[SourceVersionDate "2003.11.25"]
[SourceQuality "1"]
[WhiteTeam "Evry"]
[BlackTeam "Le Mans"]
[WhiteTeamCountry "FRA"]
[BlackTeamCountry "FRA"]

1. d4 Nf6 2. Nf3 g6 3. Nc3 d5 4. Bf4 Bg7 5. Qd2 Ne4 6. Nxe4 dxe4 7. Ne5 Nd7 8. Bh6 0-0 9. Bxg7 Kxg7 10. Nxd7 Qxd7 11. e3 b6 12. h4 h5 13. Be2 a5 14. 0-0-0 Ba6 15. Bxa6 Rxa6 16. d5 f5 17. Qc3+ Kh7 18. f3 exf3 19. gxf3 b5 20. Rhg1 b4 21. Qc4 Rb6 22. Rg5 Qd6 23. Qd4 a4 24. Rdg1 e5 25. Qc4 Rf6 26. e4 f4 27. Kb1 c5 28. dxc6 Rxc6 29. Rxh5+ Kg7 30. Qd5 Rc5 31. Qa8 Rf8 32. Qb7+ Rc7 33. Qb5 Rc5 34. Qb7+ Rc7 35. Qd5 Qxd5 36. exd5 Re7 37. Rhg5 e4 38. Rxg6+ Kh7 39. R6g5 Kh6 40. fxe4 f3 41. e5 f2 42. Rf1 Rf4 43. Kc1 Rxh4 1-0

[Event "FRA-chT2W 0203"]
[Site "France"]
[Date "2002.10.13"]
[Round "1"]
[White "Blot, Jerome"]
[Black "Bollengier, Thierry"]
[Result "1/2-1/2"]
[WhiteElo "2298"]
[BlackElo "2168"]
[PlyCount "91"]
[EventDate "2002.10.??"]
[EventType "team"]
[EventRounds "11"]
[EventCountry "FRA"]
[SourceTitle "EXT 2004"]
[Source "ChessBase"]
[SourceDate "2003.11.25"]
[SourceVersion "1"]
[SourceVersionDate "2003.11.25"]
[SourceQuality "1"]
[WhiteTeam "Le Mans"]
[BlackTeam "Nantes"]
[WhiteTeamCountry "FRA"]
[BlackTeamCountry "FRA"]

1. d4 d5 2. Nf3 Nf6 3. c4 c6 4. e3 Bf5 5. Nc3 e6 6. Nh4 Be4 7. f3 Bg6 8. Nxg6 hxg6 9. Bd3 Nbd7 10. Bd2 Bd6 11. f4 b6 12. Qf3 Rc8 13. 0-0 0-0 14. cxd5 exd5 15. g4 b5 16. g5 b4 17. gxf6 bxc3 18. fxg7 Kxg7 19. bxc3 Rh8 20. Rf2 Qh4 21. Rg2 Nf6 22. Be1 Qh3 23. Qxh3 Rxh3 24. Bf5 Rch8 25. Bxh3 Rxh3 26. Kf2 Bc7 27. Ke2 Ne4 28. c4 dxc4 29. Rc1 Nd6 30. Bb4 Nf5 31. Bd2 Nd6 32. a4 a5 33. f5 Nxf5 34. Rxc4 Bxh2 35. Rxc6 Bf4 36. Rc3 Bd6 37. Rd3 Bc7 38. d5 Rh4 39. Bc3+ Kf8 40. Bd4 Bd6 41. Bf6 Rxa4 42. Rc3 Ke8 43. Kd3 Kd7 44. e4 Ng3 45. Bd4 f6 46. Rb3 1/2-1/2

[Event "FRA-chT2"]
[Site "France"]
[Date "2002.03.09"]
[Round "8"]
[White "Martinet, Regis"]
[Black "Blot, Jerome"]
[Result "0-1"]
[WhiteElo "2100"]
[BlackElo "2299"]
[PlyCount "100"]
[EventDate "2002.??.??"]
[EventType "team"]
[EventRounds "11"]
[EventCountry "FRA"]
[SourceTitle "EXT 2003"]
[Source "ChessBase"]
[SourceDate "2002.11.25"]
[SourceVersion "1"]
[SourceVersionDate "2002.11.25"]
[SourceQuality "1"]
[WhiteTeam "Agneaux Saint Lo"]
[BlackTeam "Le Mans"]
[WhiteTeamCountry "FRA"]
[BlackTeamCountry "FRA"]

1. d4 Nf6 2. c4 g6 3. Nc3 Bg7 4. e4 d6 5. f4 0-0 6. Nf3 c5 7. d5 e6 8. Be2 exd5 9. cxd5 Bg4 10. 0-0 Nbd7 11. Nd2 Bxe2 12. Qxe2 Re8 13. Qf3 a6 14. a4 Qc7 15. Nc4 Nb6 16. Nxd6 Qxd6 17. e5 Qd7 18. exf6 Bxf6 19. f5 Bd4+ 20. Kh1 Qxf5 21. Qxf5 gxf5 22. Bh6 Nc4 23. Rab1 Be3 24. Bxe3 Nxe3 25. Rf3 Rad8 26. Re1 Nxd5 27. Rxe8+ Rxe8 28. Kg1 Nxc3 29. Rxc3 Re5 30. Rb3 Re4 31. Rxb7 Rxa4 32. Rc7 c4 33. Rc6 Kg7 34. h3 f6 35. Kh2 f4 36. Kg1 Rb4 37. Kf2 a5 38. Kf3 a4 39. Rc5 Kg6 40. Ra5 f5 41. h4 h6 42. Rc5 Rxb2 43. Rxc4 a3 44. Rxf4 a2 45. Ra4 Kf6 46. Ra5 Ke6 47. Kf4 Rxg2 48. Ra6+ Kd5 49. Kxf5 Kc4 50. Kf4 Kb3 0-1

[Event "FRA-chT2"]
[Site "France"]
[Date "2002.03.??"]
[Round "10.1"]
[White "Blot, Jerome"]
[Black "Navrotescu, Catalin"]
[Result "1-0"]
[WhiteElo "2299"]
[BlackElo "2430"]
[PlyCount "81"]
[EventDate "2002.??.??"]
[EventType "team"]
[EventRounds "11"]
[EventCountry "FRA"]
[SourceTitle "EXT 2003"]
[Source "ChessBase"]
[SourceDate "2002.11.25"]
[SourceVersion "1"]
[SourceVersionDate "2002.11.25"]
[SourceQuality "1"]

1. d4 Nf6 2. c4 c5 3. d5 b5 4. cxb5 a6 5. bxa6 g6 6. Nc3 Bxa6 7. e4 Bxf1 8. Kxf1 d6 9. g3 Bg7 10. Kg2 0-0 11. Nf3 Nbd7 12. h3 Ra6 13. Re1 Qa8 14. Bg5 Rb8 15. Qc2 Rab6 16. b3 Rb4 17. Nd2 e6 18. a3 R4b6 19. dxe6 fxe6 20. a4 d5 21. Rad1 c4 22. bxc4 Rb2 23. Qd3 Nc5 24. Qf1 d4 25. Nd5 exd5 26. Bxf6 Bxf6 27. cxd5 d3 28. Nf3 Bc3 29. Re3 Qxa4 30. Rdxd3 Rb1 31. Qxb1 Rxb1 32. Rxc3 Nxe4 33. Rc8+ Kg7 34. Rc7+ Kf6 35. Rc6+ Kf5 36. Re6 Rd1 37. g4+ Kf4 38. R3xe4+ Qxe4 39. Rf6+ Qf5 40. gxf5 gxf5 41. Rh6 1-0

[Event "FRA-ch U20"]
[Site "Hyeres"]
[Date "2002.??.??"]
[Round "4.3"]
[White "Blot, Jerome"]
[Black "Wirig, Anthony"]
[Result "1/2-1/2"]
[WhiteElo "2299"]
[BlackElo "2304"]
[PlyCount "47"]
[EventDate "2002.04.05"]
[EventType "swiss"]
[EventRounds "9"]
[EventCountry "FRA"]
[SourceTitle "EXT 2003"]
[Source "ChessBase"]
[SourceDate "2002.11.25"]
[SourceVersion "1"]
[SourceVersionDate "2002.11.25"]
[SourceQuality "1"]

1. d4 Nf6 2. c4 c5 3. d5 b5 4. cxb5 a6 5. bxa6 g6 6. Nc3 Bxa6 7. e4 Bxf1 8. Kxf1 d6 9. g3 Bg7 10. Nf3 Nbd7 11. Kg2 0-0 12. h3 Qa5 13. Re1 Rfb8 14. e5 dxe5 15. Nxe5 Nxe5 16. Rxe5 Rb7 17. Qf3 Ne8 18. Re2 Nd6 19. Ne4 Nxe4 20. Rxe4 Qd8 21. Rf4 Rd7 22. Be3 Rxd5 23. Rc1 Bxb2 24. Rxc5 1/2-1/2

[Event "Le Mans 2nd"]
[Site "Le Mans"]
[Date "2002.??.??"]
[Round "9"]
[White "Justo, Damian"]
[Black "Blot, Jerome"]
[Result "1/2-1/2"]
[WhiteElo "2318"]
[BlackElo "2299"]
[PlyCount "159"]
[EventDate "2002.02.17"]
[EventType "tourn"]
[EventRounds "9"]
[EventCountry "FRA"]
[EventCategory "4"]
[SourceTitle "EXT 2003"]
[Source "ChessBase"]
[SourceDate "2002.11.25"]
[SourceVersion "1"]
[SourceVersionDate "2002.11.25"]
[SourceQuality "1"]

1. d4 Nf6 2. c4 g6 3. Nc3 Bg7 4. e4 d6 5. Nf3 0-0 6. Be2 Nbd7 7. Bg5 h6 8. Bh4 e5 9. d5 a5 10. Nd2 Nc5 11. b3 b6 12. 0-0 Bd7 13. a3 Qc8 14. b4 Nb7 15. f3 Nh5 16. Rc1 Nf4 17. Nb3 Re8 18. Re1 Nxe2+ 19. Qxe2 Bf8 20. Qd2 Kh7 21. Bf2 Qd8 22. Be3 axb4 23. axb4 Ba4 24. Qb2 Be7 25. Ra1 Bd7 26. Qf2 Rxa1 27. Rxa1 Bg5 28. c5 bxc5 29. bxc5 Bxe3 30. Qxe3 dxc5 31. Nxc5 Nd6 32. Ra7 Bb5 33. Nb7 Nxb7 34. Nxb5 Qb8 35. d6 c5 36. Qd3 Kg7 37. Qd5 Nd8 38. Qxc5 Kf6 39. d7 Re6 40. h4 Rb6 41. Nc7 Qxa7 42. Nd5+ Kg7 43. Nxb6 Qa1+ 44. Kh2 Qd4 45. Qc7 Ne6 46. Qb8 f6 47. Nd5 Qf2 48. Qb4 Qxh4+ 49. Kg1 f5 50. exf5 Qxb4 51. Nxb4 Nd8 52. fxg6 Kxg6 53. Nd3 Kf6 54. Kf2 Ke6 55. Ke3 Nf7 56. Ke4 Nd6+ 57. Ke3 Nf7 58. Nc5+ Kd6 59. Nd3 Kxd7 60. Nf2 Ke6 61. Ne4 h5 62. g3 Nh6 63. Kd3 Nf5 64. Ke2 Nd4+ 65. Kf2 Kf5 66. Kg2 Kg6 67. Nd2 Kg5 68. Kh3 Kg6 69. Kh4 Nf5+ 70. Kh3 Nd4 71. Kg2 Ne6 72. Kf2 Ng5 73. Nc4 Nf7 74. Ke3 Kf6 75. Kd3 Ke6 76. Ke4 Ng5+ 77. Ke3 Nh7 78. Nd2 Nf6 79. Kd3 Kf5 80. Nf1 1/2-1/2

[Event "FRA-ch U20"]
[Site "Hyeres"]
[Date "2002.??.??"]
[Round "5.5"]
[White "Saez, Frederic"]
[Black "Blot, Jerome"]
[Result "1/2-1/2"]
[WhiteElo "2130"]
[BlackElo "2299"]
[PlyCount "80"]
[EventDate "2002.04.05"]
[EventType "swiss"]
[EventRounds "9"]
[EventCountry "FRA"]
[SourceTitle "EXT 2003"]
[Source "ChessBase"]
[SourceDate "2002.11.25"]
[SourceVersion "1"]
[SourceVersionDate "2002.11.25"]
[SourceQuality "1"]

1. e4 c5 2. Nc3 Nc6 3. g3 g6 4. Bg2 Bg7 5. d3 e6 6. f4 Nge7 7. Nf3 d5 8. 0-0 d4 9. Ne2 e5 10. fxe5 0-0 11. Nf4 Nxe5 12. Nxe5 Bxe5 13. Nd5 Nxd5 14. exd5 f6 15. Bf4 Bxf4 16. gxf4 Qd6 17. c3 Bd7 18. Qf3 dxc3 19. bxc3 b5 20. Qg3 a5 21. h4 Kh8 22. Kh2 b4 23. c4 a4 24. Rfc1 Rac8 25. Be4 Rfe8 26. Re1 Re7 27. f5 Qxg3+ 28. Kxg3 gxf5 29. Bf3 Re5 30. Kf4 Rce8 31. Rg1 Re3 32. Bh5 Rxd3 33. Bxe8 Rd4+ 34. Kg3 Bxe8 35. Rae1 Bh5 36. Rgf1 Rg4+ 37. Kh2 Rxh4+ 38. Kg3 Rg4+ 39. Kh2 Rh4+ 40. Kg3 Rg4+ 1/2-1/2

[Event "Le Mans op"]
[Site "Le Mans "]
[Date "2001.12.30"]
[Round "7"]
[White "Batteux, Mickael"]
[Black "Blot, Jerome"]
[Result "0-1"]
[WhiteElo "1950"]
[BlackElo "2299"]
[PlyCount "52"]
[EventDate "2001.12.26"]
[EventType "swiss"]
[EventRounds "9"]
[EventCountry "FRA"]
[SourceTitle "EXT 2008"]
[Source "ChessBase"]
[SourceDate "2007.11.25"]
[SourceVersion "1"]
[SourceVersionDate "2007.11.25"]
[SourceQuality "1"]

1. d4 Nf6 2. e3 g6 3. Bd3 Bg7 4. f4 d6 5. Nf3 0-0 6. 0-0 c5 7. c3 Nc6 8. Nbd2 e5 9. dxe5 dxe5 10. Ne4 Qe7 11. Nxf6+ Bxf6 12. Qc2 Re8 13. e4 exf4 14. Bxf4 c4 15. Bxc4 Qc5+ 16. Qf2 Qxc4 17. Bg5 Bg7 18. Nd2 Qe6 19. Nb3 b6 20. Nd4 Nxd4 21. cxd4 Ba6 22. d5 Qd7 23. Rfe1 Qg4 24. Bf6 Bxf6 25. Qxf6 Rxe4 26. Rxe4 Qe6 0-1

[Event "FRA-chT2"]
[Site "France"]
[Date "2001.12.??"]
[Round "4"]
[White "Blot, Jerome"]
[Black "Mohandesi, Shahin"]
[Result "0-1"]
[WhiteElo "2299"]
[BlackElo "2324"]
[PlyCount "75"]
[EventDate "2002.??.??"]
[EventType "team"]
[EventRounds "11"]
[EventCountry "FRA"]
[SourceTitle "EXT 2003"]
[Source "ChessBase"]
[SourceDate "2002.11.25"]
[SourceVersion "1"]
[SourceVersionDate "2002.11.25"]
[SourceQuality "1"]

1. d4 Nf6 2. c4 g6 3. Nc3 d5 4. Nf3 Bg7 5. Bg5 Ne4 6. cxd5 Nxg5 7. Nxg5 e6 8. Nf3 exd5 9. e3 0-0 10. Be2 Qd6 11. 0-0 c6 12. Na4 Nd7 13. Rc1 Nf6 14. Nc5 Ne4 15. b4 a6 16. a4 Re8 17. Qb3 Qd8 18. b5 Nxc5 19. Rxc5 Bf8 20. Rcc1 cxb5 21. axb5 a5 22. Ne5 Bg7 23. Nd3 Bxd4 24. Bf3 Bg7 25. Bxd5 Be6 26. Bxe6 Rxe6 27. Nc5 Re7 28. Rfd1 Qb6 29. Na4 Qf6 30. b6 Re4 31. Rc7 Rb4 32. Qc2 Qf5 33. e4 Rxe4 34. Qa2 Rae8 35. Rf1 Bd4 36. Nc3 Bxc3 37. Rxc3 Qb5 38. g3 0-1

[Event "FRA-chT"]
[Site "France"]
[Date "2001.04.28"]
[Round "8.3"]
[White "Banikas, Hristos"]
[Black "Blot, Jerome"]
[Result "1-0"]
[WhiteElo "2535"]
[BlackElo "2324"]
[PlyCount "145"]
[EventDate "2001.02.02"]
[EventType "team"]
[EventRounds "11"]
[EventCountry "FRA"]
[SourceTitle "EXT 2002"]
[Source "ChessBase"]
[SourceDate "2001.11.25"]
[SourceVersion "1"]
[SourceVersionDate "2001.11.25"]
[SourceQuality "1"]
[WhiteTeam "Echiquier Nicois"]
[BlackTeam "Bischwiller"]
[WhiteTeamCountry "FRA"]
[BlackTeamCountry "FRA"]

1. d4 Nf6 2. c4 g6 3. Nc3 Bg7 4. e4 d6 5. f4 0-0 6. Nf3 c5 7. d5 e6 8. Be2 exd5 9. cxd5 Bg4 10. 0-0 Re8 11. e5 Bxf3 12. Bxf3 dxe5 13. fxe5 Rxe5 14. Bf4 Re8 15. Qb3 Nbd7 16. Rfe1 Nh5 17. Rxe8+ Qxe8 18. Bxh5 gxh5 19. Qxb7 Ne5 20. d6 Rd8 21. Qe7 Ng6 22. Qxe8+ Rxe8 23. Bg3 Bd4+ 24. Kf1 h4 25. Bf2 Rd8 26. Rd1 Rxd6 27. Nb5 Ra6 28. Nxd4 cxd4 29. Rxd4 Rxa2 30. Rd8+ Kg7 31. Bd4+ Kh6 32. Rd7 Ra4 33. Bxa7 Ne5 34. Be3+ Kg6 35. Rd4 Ra1+ 36. Ke2 Rb1 37. Rb4 f6 38. h3 Nc6 39. Rb6 Ne7 40. Bd2 Rg1 41. Kf2 Rd1 42. Be1 Nd5 43. Rd6 Kf5 44. Rd7 h5 45. Rd8 Ke4 46. Re8+ Kf5 47. Rh8 Kg6 48. Rd8 Kf5 49. Rh8 Kg6 50. Rb8 Nf4 51. Kf3 Rxe1 52. Kxf4 Re2 53. b4 Kg7 54. Kf3 Rb2 55. b5 Rb3+ 56. Ke4 Rb2 57. b6 Rxg2 58. Rc8 Rb2 59. Rc7+ Kg6 60. b7 f5+ 61. Ke5 Rb5+ 62. Kd6 f4 63. Kc6 Rb3 64. Rc8 Kf5 65. b8Q Rxb8 66. Rxb8 Ke4 67. Rb4+ Ke3 68. Kd5 f3 69. Rb1 Ke2 70. Ke4 f2 71. Rb2+ Ke1 72. Ke3 f1N+ 73. Kf4 1-0

[Event "FRA-ch U20"]
[Site "Amiens"]
[Date "2001.04.08"]
[Round "1"]
[White "Blot, Jerome"]
[Black "Cizeron, Frederic"]
[Result "1-0"]
[WhiteElo "2324"]
[BlackElo "2080"]
[PlyCount "45"]
[EventDate "2001.04.??"]
[EventType "swiss"]
[EventRounds "9"]
[EventCountry "FRA"]
[SourceTitle "EXT 2005"]
[Source "ChessBase"]
[SourceDate "2004.11.15"]
[SourceVersion "1"]
[SourceVersionDate "2004.11.15"]
[SourceQuality "1"]

1. d4 d5 2. c4 c6 3. Nf3 Nf6 4. e3 Bf5 5. Nc3 h6 6. cxd5 cxd5 7. Qb3 Qb6 8. Nxd5 Qxb3 9. Nxf6+ exf6 10. axb3 Nc6 11. Bb5 Bb4+ 12. Bd2 0-0 13. Bxc6 Bxd2+ 14. Nxd2 bxc6 15. Ke2 Rfc8 16. Rhc1 Rc7 17. Ra5 Bd7 18. Ne4 Kf8 19. d5 Ke8 20. Nd6+ Ke7 21. Nb5 Rcc8 22. Nxa7 Rc7 23. d6+ 1-0

[Event "FRA-chT"]
[Site "France"]
[Date "2001.03.30"]
[Round "5.6"]
[White "Vallin, Guillaume"]
[Black "Blot, Jerome"]
[Result "1-0"]
[WhiteElo "2396"]
[BlackElo "2324"]
[PlyCount "63"]
[EventDate "2001.02.02"]
[EventType "team"]
[EventRounds "11"]
[EventCountry "FRA"]
[SourceTitle "EXT 2002"]
[Source "ChessBase"]
[SourceDate "2001.11.25"]
[SourceVersion "1"]
[SourceVersionDate "2001.11.25"]
[SourceQuality "1"]
[WhiteTeam "Gonfreville"]
[BlackTeam "Bischwiller"]
[WhiteTeamCountry "FRA"]
[BlackTeamCountry "FRA"]

1. d4 Nf6 2. Nf3 g6 3. g3 Bg7 4. b3 d5 5. Bb2 Ne4 6. Bg2 0-0 7. 0-0 Bf5 8. Ne5 Nd7 9. f3 Nd6 10. Nd2 Nxe5 11. dxe5 Be6 12. Qe1 c6 13. Qf2 Qa5 14. Rfd1 Nb5 15. Qc5 b6 16. Qxe7 Rae8 17. Qh4 d4 18. Ne4 Bxe5 19. Nf6+ Bxf6 20. Qxf6 Bd7 21. Bxd4 Nxd4 22. Qxd4 Bc8 23. e4 Qe5 24. Qxe5 Rxe5 25. f4 Rc5 26. c4 b5 27. cxb5 cxb5 28. Rac1 Rxc1 29. Rxc1 Rd8 30. Kf2 Be6 31. Ke2 Kg7 32. Ke3 1-0

[Event "Mans"]
[Site "Mans"]
[Date "2001.??.??"]
[Round "4"]
[White "Ahn, Martin"]
[Black "Blot, Jerome"]
[Result "0-1"]
[WhiteElo "2347"]
[BlackElo "2324"]
[PlyCount "74"]
[EventDate "2001.02.??"]
[EventType "tourn"]
[EventRounds "9"]
[EventCountry "FRA"]
[EventCategory "4"]
[SourceTitle "EXT 2002"]
[Source "ChessBase"]
[SourceDate "2001.11.25"]
[SourceVersion "1"]
[SourceVersionDate "2001.11.25"]
[SourceQuality "1"]

1. e4 c5 2. Nf3 e6 3. Nc3 Nc6 4. d4 cxd4 5. Nxd4 Qc7 6. g3 a6 7. Bg2 Nf6 8. 0-0 Nxd4 9. Qxd4 Bc5 10. Bf4 d6 11. Qd2 h6 12. Rad1 e5 13. Be3 Bg4 14. Bxc5 dxc5 15. f3 Be6 16. f4 0-0 17. f5 Bc4 18. Rfe1 b5 19. Qe3 Rfe8 20. b3 b4 21. Nd5 Bxd5 22. exd5 Qd6 23. Be4 a5 24. Kh1 Rac8 25. c4 bxc3 26. Qxc3 a4 27. bxa4 c4 28. Qf3 Rc5 29. Re2 Rd8 30. Rc2 Qa6 31. g4 Qxa4 32. Re1 c3 33. Kg2 Rc4 34. Rce2 c2 35. Qb3 Qxb3 36. axb3 c1Q 37. bxc4 Qxc4 0-1

[Event "Mans"]
[Site "Mans"]
[Date "2001.??.??"]
[Round "7"]
[White "Blot, Jerome"]
[Black "Sulypa, Oleksandr"]
[Result "0-1"]
[WhiteElo "2324"]
[BlackElo "2510"]
[PlyCount "44"]
[EventDate "2001.02.??"]
[EventType "tourn"]
[EventRounds "9"]
[EventCountry "FRA"]
[EventCategory "4"]
[SourceTitle "EXT 2002"]
[Source "ChessBase"]
[SourceDate "2001.11.25"]
[SourceVersion "1"]
[SourceVersionDate "2001.11.25"]
[SourceQuality "1"]

1. Nf3 d5 2. c4 d4 3. e3 c5 4. b4 dxe3 5. fxe3 cxb4 6. Bb2 Nf6 7. d4 Nbd7 8. Bd3 e5 9. Nbd2 Be7 10. 0-0 exd4 11. exd4 0-0 12. Qc2 b6 13. Rae1 Bb7 14. Ne5 Nxe5 15. Rxe5 h6 16. h3 Rc8 17. Ref5 Nd5 18. Rxf7 Rxf7 19. Bh7+ Kf8 20. Rxf7+ Kxf7 21. Bg6+ Kf8 22. Qf5+ Bf6 0-1

[Event "Mans"]
[Site "Mans"]
[Date "2001.??.??"]
[Round "2"]
[White "Geenen, Marc"]
[Black "Blot, Jerome"]
[Result "1/2-1/2"]
[WhiteElo "2334"]
[BlackElo "2324"]
[PlyCount "72"]
[EventDate "2001.02.??"]
[EventType "tourn"]
[EventRounds "9"]
[EventCountry "FRA"]
[EventCategory "4"]
[SourceTitle "EXT 2002"]
[Source "ChessBase"]
[SourceDate "2001.11.25"]
[SourceVersion "1"]
[SourceVersionDate "2001.11.25"]
[SourceQuality "1"]

1. e4 c5 2. Nf3 e6 3. d4 cxd4 4. Nxd4 Nc6 5. Nb5 d6 6. Bf4 e5 7. Be3 a6 8. N5c3 Nf6 9. Bg5 Be7 10. Bxf6 Bxf6 11. Nd2 Be6 12. Nc4 Nd4 13. Ne3 Bg5 14. Ncd5 Bxe3 15. Nxe3 0-0 16. c3 Nc6 17. Bc4 Bxc4 18. Nxc4 Qh4 19. Qd3 Rad8 20. Ne3 Ne7 21. 0-0 Kh8 22. c4 g6 23. g3 Qh3 24. f4 f5 25. Rad1 Nc6 26. exf5 gxf5 27. Qc3 Nd4 28. Rxd4 exd4 29. Qxd4+ Kg8 30. Nd5 Qh6 31. Ne7+ Kf7 32. Nxf5 Qf6 33. Qd5+ Qe6 34. Qxb7+ Rd7 35. Qd5 Qxd5 36. cxd5 Rc8 1/2-1/2

[Event "Montpellier op 7th"]
[Site "Montpellier"]
[Date "2000.07.??"]
[Round "9"]
[White "Blot, Jerome"]
[Black "Santo Roman, Marc"]
[Result "1/2-1/2"]
[WhiteElo "2343"]
[BlackElo "2418"]
[PlyCount "80"]
[EventDate "2000.07.05"]
[EventType "swiss"]
[EventRounds "9"]
[EventCountry "FRA"]
[SourceTitle "EXT 2001"]
[Source "ChessBase"]
[SourceDate "2000.11.22"]
[SourceVersion "1"]
[SourceVersionDate "2000.11.22"]
[SourceQuality "1"]

1. d4 f5 2. Bg5 c6 3. Nd2 Qb6 4. e3 Qxb2 5. Rb1 Qa3 6. g4 d5 7. gxf5 Bxf5 8. Rxb7 Nf6 9. Bh3 Bxh3 10. Nxh3 Qa6 11. Qb1 Nbd7 12. Nf4 Rc8 13. Bxf6 gxf6 14. Ne6 Kf7 15. Rxd7 Kxe6 16. Nb3 c5 17. Rb7 cxd4 18. Nxd4+ Kf7 19. Qb3 Rc4 20. Nb5 Rg8 21. Rxa7 Qe6 22. Qd3 Rg5 23. Qxh7+ Bg7 24. h4 Rg2 25. Ra8 Qc6 26. Qh5+ Ke6 27. Rb8 f5 28. Kf1 d4 29. Nc7+ Qxc7 30. Kxg2 Qxb8 31. exd4 Qb7+ 32. Kh2 Qe4 33. Qg6+ Bf6 34. Qg8+ Kd7 35. Qxc4 Be5+ 36. Kg1 Qg4+ 37. Kf1 Qd1+ 38. Kg2 Qg4+ 39. Kf1 Qd1+ 40. Kg2 Qg4+ 1/2-1/2